[Event "EWICC 2019"]
[Site "Antalya"]
[Date "2019.04.22"]
[Round "11.54"]
[White "Ilyuchyk, Yana"]
[Black "Palma, Maria"]
[Result "1-0"]
[WhiteElo "2152"]
[BlackElo "1998"]
[Annotator "NA"]
[PlyCount "63"]
[EventDate "2019.04.11"]
[EventType "swiss"]
[EventCountry "TUR"]
[SourceTitle "playchess.com"]
[Source "ChessBase"]
[SourceQuality "1"]

1. e4 e6 2. d4 d5 3. exd5 exd5 4. Nf3 Bd6 5. c4 dxc4 6. Bxc4 Nf6 7. O-O O-O 8. Nc3 Nc6 9. h3 h6 10. Re1 Bf5 11. d5 Ne7 12. Nd4 Bh7 13. Ndb5 a6 14. Nxd6 Qxd6 15. Qf3 Ng6 16. Bd3 Rfd8 17. Bxg6 Bxg6 18. Bf4 Qb6 19. Re7 Rd7 20. Rxd7 Nxd7 21. Re1 Nf6 22. Re7 Rc8 23. Be5 Kf8 24. d6 cxd6 25. Rxb7 Qc6 26. Rb8 Ke7 27. Bxf6+ gxf6 28. Nd5+ Ke6 29. Rb7 Ke5 30. Re7+ Kd4 31. Qd1+ Kc5 32. Re3 1-0

[Event "EWICC 2019"]
[Site "Antalya"]
[Date "2019.04.22"]
[Round "11.55"]
[White "De Seroux, Camille"]
[Black "Koljevic, Nikolina"]
[Result "1-0"]
[WhiteElo "2151"]
[BlackElo "1917"]
[Annotator "NA"]
[PlyCount "171"]
[EventDate "2019.04.11"]
[EventType "swiss"]
[EventCountry "TUR"]
[SourceTitle "playchess.com"]
[Source "ChessBase"]
[SourceQuality "1"]

1. e4 c5 2. Nc3 Nc6 3. Bb5 Nd4 4. Bc4 g6 5. Nf3 Bg7 6. Nxd4 cxd4 7. Qf3 e6 8. Nb5 d6 9. Qa3 Bf8 10. Nxd4 d5 11. Bb5+ Bd7 12. Qd3 a6 13. Bxd7+ Qxd7 14. e5 Qc7 15. f4 Bc5 16. Nb3 Ba7 17. c3 Ne7 18. Qe2 d4 19. Nxd4 Bxd4 20. cxd4 Nf5 21. O-O Nxd4 22. Qf2 Rd8 23. b3 Qc2 24. Ba3 Qd3 25. Bd6 Nf5 26. Bb4 Qd4 27. Bc3 Qd3 28. Qc5 Qd5 29. Qxd5 Rxd5 30. Rac1 Kd7 31. Kf2 h5 32. g3 Rc8 33. Bb4 a5 34. Rxc8 Kxc8 35. Bc3 Kd7 36. Re1 Ne7 37. h3 Nc6 38. Ke3 b5 39. Rc1 b4 40. Bb2 Ne7 41. g4 a4 42. Rc4 Ra5 43. Kd3 axb3 44. axb3 Nd5 45. Ke4 Ra2 46. Rc2 hxg4 47. hxg4 Ra8 48. d3 Ra2 49. Rd2 Nc7 50. Bc3 Ra3 51. Bxb4 Rxb3 52. Bc5 Rb1 53. Rh2 Re1+ 54. Kf3 Rf1+ 55. Bf2 Ke7 56. Rh7 Nd5 57. Ke2 Rc1 58. Bh4+ Kf8 59. Bg5 Kg8 60. Rh4 Rg1 61. Kf2 Rd1 62. Rh3 Rd2+ 63. Ke1 Rg2 64. Rh4 Ra2 65. Bf6 Nxf6 66. exf6 Rg2 67. g5 Rb2 68. Rh3 Rg2 69. d4 Rg4 70. Rf3 Kf8 71. Ke2 Ke8 72. Ke3 Rh4 73. Ke4 Rh1 74. Ra3 Re1+ 75. Kd3 Rh1 76. Ra8+ Kd7 77. Ra7+ Ke8 78. Ra8+ Kd7 79. Rf8 Rh7 80. Ke4 Kd6 81. Rd8+ Kc7 82. Ra8 Kb7 83. Rg8 Rh1 84. Rg7 Re1+ 85. Kd3 Rd1+ 86. Ke4 1-0

[Event "EWICC 2019"]
[Site "Antalya"]
[Date "2019.04.22"]
[Round "11.57"]
[White "Trisha Kanyamarala"]
[Black "Chan, Naruna"]
[Result "1-0"]
[WhiteElo "2028"]
[BlackElo "2004"]
[Annotator "NA"]
[PlyCount "137"]
[EventDate "2019.04.11"]
[EventType "swiss"]
[EventCountry "TUR"]
[SourceTitle "playchess.com"]
[Source "ChessBase"]
[SourceQuality "1"]

1. c4 e5 2. g3 Nc6 3. Bg2 d6 4. Nc3 f5 5. e3 Nf6 6. d4 e4 7. Nge2 Be7 8. O-O O-O 9. Rb1 Kh8 10. b4 a6 11. a4 Qe8 12. Nf4 Qf7 13. Qe2 Nd8 14. f3 exf3 15. Bxf3 Ne6 16. Nfd5 Bd8 17. b5 Re8 18. Qd3 axb5 19. axb5 Ng5 20. Bg2 Qh5 21. Nxf6 Bxf6 22. Nd5 Bd8 23. Bd2 Ra2 24. Nb4 Ra7 25. Rbe1 Ne4 26. Bxe4 fxe4 27. Qxe4 Bf6 28. Qf4 Be6 29. Rc1 h6 30. Qf2 Qf7 31. Qe2 Qg6 32. Qd3 Qxd3 33. Nxd3 Ra4 34. Nb4 Bg5 35. Rfe1 Bf7 36. Kf2 Bh5 37. h4 Bf6 38. Bc3 Ra3 39. Rc2 Bg6 40. Rcc1 Be4 41. Ke2 c5 42. bxc6 bxc6 43. Kd2 Rb8 44. Ra1 Rb3 45. Nc2 c5 46. Ra6 d5 47. cxd5 Bxd5 48. Ra5 Rc8 49. Rc1 Be4 50. Na1 cxd4 51. Nxb3 dxc3+ 52. Ke2 Rb8 53. Nd4 Rb2+ 54. Ke1 c2 55. Rc5 Be7 56. Rc8+ Kh7 57. Nxc2 Bf5 58. Rc4 Bd6 59. g4 Bg3+ 60. Kd2 Be6 61. Rb4 Rxb4 62. Nxb4 Bxh4 63. Rg1 Kg6 64. Nd3 Kg5 65. Ne5 Bd5 66. Kd3 Bf2 67. Rf1 Bg3 68. Rf5+ Kh4 69. Rh5# 1-0

[Event "EWICC 2019"]
[Site "Antalya"]
[Date "2019.04.22"]
[Round "11.59"]
[White "Represa Perez, Mireya"]
[Black "Anacoglu, Cisel"]
[Result "1-0"]
[WhiteElo "2164"]
[BlackElo "1958"]
[Annotator "NA"]
[PlyCount "75"]
[EventDate "2019.04.11"]
[EventType "swiss"]
[EventCountry "TUR"]
[SourceTitle "playchess.com"]
[Source "ChessBase"]
[SourceQuality "1"]

1. e4 e5 2. Nf3 Nc6 3. Bb5 a6 4. Ba4 Nf6 5. d3 b5 6. Bb3 Be7 7. O-O d6 8. a3 O-O 9. Nc3 Bg4 10. Be3 Nd4 11. Bxd4 exd4 12. Nd5 c6 13. Nxf6+ Bxf6 14. h3 Be6 15. Bxe6 fxe6 16. a4 e5 17. Qe2 Qd7 18. Ra2 c5 19. axb5 axb5 20. Rfa1 Qc6 21. Qe1 Rxa2 22. Rxa2 c4 23. Qa1 cxd3 24. cxd3 Qc2 25. Ne1 Qd2 26. Ra8 Bd8 27. Qa2+ Kh8 28. Nf3 Qc1+ 29. Kh2 Qf4+ 30. Kh1 Qc1+ 31. Ng1 Qc7 32. Qd5 Rxf2 33. Qc6 Qe7 34. Ra7 Qf8 35. Qd7 Bg5 36. Rc7 Qg8 37. Qxd6 Qe8 38. Qxe5 1-0

[Event "EWICC 2019"]
[Site "Antalya"]
[Date "2019.04.22"]
[Round "11.60"]
[White "Aydin, Gulenay"]
[Black "Kejzar, Petra"]
[Result "0-1"]
[WhiteElo "1936"]
[BlackElo "2082"]
[Annotator "NA"]
[PlyCount "104"]
[EventDate "2019.04.11"]
[EventType "swiss"]
[EventCountry "TUR"]
[SourceTitle "playchess.com"]
[Source "ChessBase"]
[SourceQuality "1"]

1. e4 c5 2. Nf3 e6 3. c3 Nf6 4. e5 Nd5 5. d4 cxd4 6. cxd4 d6 7. a3 Bd7 8. Bd3 Bc6 9. O-O Nd7 10. Re1 Be7 11. Nbd2 dxe5 12. dxe5 Nc5 13. Bc2 Nf4 14. Nb3 Qxd1 15. Rxd1 Nxb3 16. Bxb3 Ng6 17. Re1 O-O 18. Bc2 Rfd8 19. Bxg6 hxg6 20. Be3 a6 21. Rac1 Rac8 22. Nd4 Bd5 23. Ne2 Kf8 24. Bb6 Re8 25. Nd4 Bg5 26. Rc2 Rxc2 27. Nxc2 Rc8 28. Nb4 Bb3 29. h3 Bd2 30. Re4 Bc1 31. Re1 Bxb2 32. Re4 Rc1+ 33. Kh2 Bd5 34. Re3 Rc3 35. Nxd5 exd5 36. Rxc3 Bxc3 37. Bc5+ Ke8 38. f4 g5 39. g3 gxf4 40. gxf4 b5 41. Kg3 a5 42. Kf3 b4 43. axb4 axb4 44. Ke3 b3 45. Kd3 d4 46. Ba3 b2 47. Bxb2 Bxb2 48. h4 g6 49. Ke4 Ke7 50. f5 gxf5+ 51. Kxf5 d3 52. h5 d2 0-1

[Event "EWICC 2019"]
[Site "Antalya"]
[Date "2019.04.22"]
[Round "11.61"]
[White "Catal, Uktenur"]
[Black "Pintor, Ariana"]
[Result "1-0"]
[WhiteElo "1820"]
[BlackElo "1918"]
[Annotator "NA"]
[PlyCount "109"]
[EventDate "2019.04.11"]
[EventType "swiss"]
[EventCountry "TUR"]
[SourceTitle "playchess.com"]
[Source "ChessBase"]
[SourceQuality "1"]

1. d4 Nf6 2. c4 g6 3. Nc3 Bg7 4. e4 d6 5. f4 O-O 6. Nf3 c5 7. d5 e6 8. Be2 exd5 9. cxd5 Bg4 10. O-O Nbd7 11. h3 Bxf3 12. Bxf3 a6 13. g4 Ne8 14. g5 h6 15. h4 b5 16. Qc2 Nc7 17. e5 b4 18. Ne2 Rc8 19. e6 Nb6 20. exf7+ Rxf7 21. Qxg6 Nbxd5 22. Bh5 Qe7 23. Qxf7+ Qxf7 24. Bxf7+ Kxf7 25. f5 Be5 26. Rb1 hxg5 27. hxg5 Rh8 28. Kg2 Rh2+ 29. Kf3 Nb5 30. Rf2 Rh1 31. Kg2 Rd1 32. Kf3 c4 33. a4 Nd4+ 34. Nxd4 Bxd4 35. Rd2 Rf1+ 36. Ke4 c3 37. Rxd4 c2 38. Ra1 Ne7 39. g6+ Kg8 40. Rxb4 Rd1 41. Rb8+ Kg7 42. Rb7 Kf6 43. g7 d5+ 44. Kf3 Ng8 45. Rc7 d4 46. Rxc2 Kxf5 47. Rd2 Rf1+ 48. Kg2 Rf4 49. Rf2 Rxf2+ 50. Kxf2 Kg6 51. b4 Kxg7 52. b5 axb5 53. axb5 Kf7 54. b6 Ne7 55. Ra7 1-0

[Event "EWICC 2019"]
[Site "Antalya"]
[Date "2019.04.22"]
[Round "11.62"]
[White "Tanir, Simay"]
[Black "Nemcova, Karin"]
[Result "1-0"]
[WhiteElo "1361"]
[BlackElo "2066"]
[Annotator "NA"]
[PlyCount "77"]
[EventDate "2019.04.11"]
[EventType "swiss"]
[EventCountry "TUR"]
[SourceTitle "playchess.com"]
[Source "ChessBase"]
[SourceQuality "1"]

1. d4 Nf6 2. c4 e6 3. Nc3 Bb4 4. e3 O-O 5. Nge2 d5 6. a3 Bd6 7. c5 Be7 8. Nf4 b6 9. b4 a5 10. Bb2 c6 11. Bd3 Ba6 12. Bc2 Nfd7 13. Nd3 bxc5 14. bxc5 e5 15. dxe5 Bxc5 16. e6 Bxd3 17. Qxd3 Nf6 18. Na4 fxe6 19. Nxc5 Qe7 20. Bxf6 Qxf6 21. O-O g6 22. Rab1 Ra7 23. e4 Qe7 24. Na4 Nd7 25. exd5 exd5 26. Qe3 Qxe3 27. fxe3 Re8 28. Rfe1 Kg7 29. Rbd1 Ne5 30. e4 Nc4 31. exd5 Rxe1+ 32. Rxe1 cxd5 33. Bb3 Nxa3 34. Bxd5 Nc2 35. Rb1 Nb4 36. Bf3 Rc7 37. Kf2 g5 38. Kg3 h6 39. Rd1 1-0

[Event "EWICC 2019"]
[Site "Antalya"]
[Date "2019.04.22"]
[Round "11.63"]
[White "Demirtas, Hafize"]
[Black "Oz, Irem Ezra"]
[Result "1-0"]
[WhiteElo "1888"]
[BlackElo "1687"]
[Annotator "NA"]
[PlyCount "89"]
[EventDate "2019.04.11"]
[EventType "swiss"]
[EventCountry "TUR"]
[SourceTitle "playchess.com"]
[Source "ChessBase"]
[SourceQuality "1"]

1. e3 d5 2. b3 e5 3. Bb2 Nc6 4. Bb5 Bd6 5. f4 Qe7 6. Nf3 Bg4 7. fxe5 Bxe5 8. Bxe5 Bxf3 9. Qxf3 Qxe5 10. Nc3 Nf6 11. O-O O-O 12. Qh3 d4 13. Bxc6 dxc3 14. d4 Qe7 15. Bxb7 Rad8 16. Bc6 Nd5 17. Bxd5 Rxd5 18. Qf3 Rfd8 19. a4 f6 20. Rfe1 c5 21. Rad1 Qd7 22. Rd3 cxd4 23. exd4 h6 24. Rxc3 Rxd4 25. Rce3 Rd2 26. c3 Rb2 27. Re7 Qd2 28. R7e2 Qd3 29. Qxd3 Rxd3 30. Rxb2 Rxc3 31. Re7 a5 32. Ra7 Rc5 33. Re2 Rc3 34. Rxa5 Rxb3 35. Ra7 Ra3 36. a5 Kh7 37. a6 Kg6 38. Ra8 Kf5 39. a7 Kf4 40. Kf2 g5 41. Rf8 Rxa7 42. Rxf6+ Kg4 43. Re4+ Kh5 44. g4+ Kh4 45. Rxh6# 1-0

[Event "EWICC 2019"]
[Site "Antalya"]
[Date "2019.04.22"]
[Round "11.64"]
[White "Sade, Defne"]
[Black "Makka, Ioulia"]
[Result "1/2-1/2"]
[WhiteElo "2013"]
[BlackElo "2121"]
[Annotator "NA"]
[PlyCount "133"]
[EventDate "2019.04.11"]
[EventType "swiss"]
[EventCountry "TUR"]
[SourceTitle "playchess.com"]
[Source "ChessBase"]
[SourceQuality "1"]

1. e4 c6 2. d4 d5 3. Nc3 dxe4 4. Nxe4 Nf6 5. Nxf6+ gxf6 6. c3 Qd5 7. Be3 Nd7 8. c4 Qd6 9. Nf3 Bg7 10. Bd3 Nf8 11. Qd2 h5 12. O-O-O Bg4 13. Kb1 Ne6 14. Bc2 h4 15. h3 Bxf3 16. gxf3 Rh5 17. d5 cxd5 18. cxd5 Nc7 19. Bf4 Qd7 20. Bxc7 Qxc7 21. Ba4+ Kf8 22. Bb3 Rd8 23. Rhg1 f5 24. f4 Qb6 25. Rg2 Qf6 26. Rdg1 Rh7 27. f3 b6 28. Qc2 Kg8 29. Rg5 Qd4 30. Rd1 Qxf4 31. Rxf5 Qd6 32. Rxf7 Kxf7 33. Qxh7 Qg6+ 34. Qxg6+ Kxg6 35. Rg1+ Kf6 36. Rg4 Rh8 37. Kc2 Rh5 38. Kd3 Bh6 39. Re4 Re5 40. Rxh4 Bc1 41. f4 Re1 42. Kc4 Bxb2 43. Kb5 Bc1 44. Ka6 Re4 45. Kxa7 Bxf4 46. Rg4 Rb4 47. Kb7 Kf5 48. Kc6 Kf6 49. Kd7 Bd6 50. Rg2 Rh4 51. Rf2+ Kg5 52. Rf3 Rf4 53. Rc3 Kh4 54. Re3 Rf7 55. Kc6 Bc5 56. Re4+ Kg3 57. Re6 Rh7 58. a4 Bf2 59. Bc4 Kxh3 60. Bb5 Kg4 61. Kc7 Kg5 62. Kd7 Bc5 63. Kc6 Bf2 64. Kc7 Bc5 65. Kd7 Rg7 66. Kc6 Bf2 67. Kd7 1/2-1/2